[Event "ICS rated standard match"]
[Site "204.178.125.65"]
[Date "2000.04.14"]
[Round "?"]
[White "GodsProperty"]
[Black "Hossa"]
[Result "1-0"]
[WhiteElo "2378"]
[BlackElo "2310"]
[PlyCount "159"]
[EventDate "2000.??.??"]

1. c4 e5 2. Nc3 Nf6 3. Nf3 Nc6 4. g3 Bb4 5. Bg2 O-O 6. O-O e4 7. Ng5 Bxc3 8.
bxc3 Re8 9. f3 exf3 10. Nxf3 d5 11. d4 Ne4 12. Qc2 Bf5 13. Nh4 Bg6 14. Nxg6
hxg6 15. Rb1 Na5 16. cxd5 Qxd5 17. Bf4 Nc4 18. Qb3 b6 19. Be5 Rxe5 20. dxe5
Qc5+ 21. Kh1 Ned2 22. Qb5 Rd8 23. Qxc5 bxc5 24. e6 fxe6 25. Bh3 Re8 26. Rf4 g5
27. Rxc4 Nxc4 28. Rb7 Ne3 29. Kg1 g4 30. Bg2 a6 31. Rxc7 Rb8 32. Bb7 a5 33. Bc8
e5 34. Be6+ Kh8 35. Kf2 Nd1+ 36. Kf1 Ne3+ 37. Ke1 Rb1+ 38. Kd2 Nf1+ 39. Kd3 Rb2
40. Rxc5 Rd2+ 41. Kc4 Rxe2 42. a4 Rxh2 43. Rxe5 Nxg3 44. Rxa5 Nf1 45. Rg5 Kh7
46. Kd4 g3 47. Bf5+ Kh6 48. Rg6+ Kh5 49. Rxg7 Rh4+ 50. Be4 Nd2 51. Rh7+ Kg4 52.
Rxh4+ Kxh4 53. Bg2 Kg4 54. Kc5 Kf4 55. a5 Nb3+ 56. Kb4 Nxa5 57. Kxa5 Ke3 58. c4
Kf2 59. Bh3 Kg1 60. c5 Kh2 61. Bf1 Kg1 62. Bc4 Kh2 63. Bd5 Kh3 64. c6 Kg4 65.
c7 Kh5 66. c8=Q Kg5 67. Bg2 Kg6 68. Qg8+ Kf6 69. Qxg3 Kf5 70. Bh3+ Kf6 71. Qf4+
Kg6 72. Qf5+ Kg7 73. Qe6 Kh7 74. Bf5+ Kg7 75. Qg6+ Kf8 76. Kb6 Ke7 77. Qe6+ Kf8
78. Qd7 Kg8 79. Bg6 Kh8 80. Qh7# 1-0

[Event "ICS rated standard match"]
[Site "204.178.125.65"]
[Date "2000.04.14"]
[Round "?"]
[White "Hossa"]
[Black "Steffy"]
[Result "0-1"]
[WhiteElo "2297"]
[BlackElo "2246"]
[PlyCount "150"]
[EventDate "2000.??.??"]

1. e4 e6 2. d4 d5 3. Nc3 dxe4 4. Nxe4 Nd7 5. Nf3 Be7 6. Bb5 c6 7. Bd3 Ngf6 8.
Nxf6+ Nxf6 9. O-O O-O 10. Ne5 c5 11. dxc5 Bxc5 12. Bg5 h6 13. Bh4 Qd4 14. Bxf6
gxf6 15. Nf3 Qxb2 16. Qd2 Kg7 17. Rfb1 Qa3 18. Qf4 Rh8 19. Rb3 Qa5 20. Be2 Be7
21. Qg4+ Kf8 22. Bd3 Rg8 23. Qh4 h5 24. Rb5 Qc3 25. Rd1 f5 26. Qf4 b6 27. Rb3
Qg7 28. Bf1 Ba6 29. c4 Rc8 30. Ne5 f6 31. Nd7+ Kf7 32. Rg3 Qh7 33. Rxg8 Rxg8
34. Qc7 Qg7 35. h3 Rc8 36. Qxa7 Bxc4 37. Bxc4 Rxc4 38. Qxb6 Rc3 39. Re1 e5 40.
Qb5 Kg6 41. a4 Qg8 42. Qb6 Kg7 43. Qb1 Qe6 44. Rd1 Rc7 45. Qd3 Ra7 46. Qb5 Qa2
47. Nb6 Qc2 48. Qd3 Rc7 49. Qxc2 Rxc2 50. Rd7 Kf7 51. Nd5 Ke6 52. Ne3 Ra2 53.
Ra7 f4 54. Ra6+ Kf7 55. Nd5 Bc5 56. Nxf6 Ra1+ 57. Kh2 Bxf2 58. Nxh5 Bg1+ 59.
Kh1 e4 60. h4 Ke7 61. g4 f3 62. Ng3 Bc5+ 63. Kh2 Ra2+ 64. Kh3 f2 65. Kg2 Ra1
66. Nf1 e3 67. Kf3 Rxf1 68. Rh6 Rd1 69. Rh7+ Kf8 70. g5 f1=Q+ 71. Kg4 Rd4+ 72.
Kh5 Qf3+ 73. Kh6 Rxh4+ 74. Kg6 Qe4+ 75. Kf6 Rf4# 0-1

[Event "ICS rated blitz match"]
[Site "204.178.125.65"]
[Date "2000.04.14"]
[Round "?"]
[White "PostModernist"]
[Black "Hossa"]
[Result "1-0"]
[WhiteElo "2541"]
[BlackElo "2473"]
[PlyCount "145"]

1. e4 e5 2. d4 exd4 3. Nf3 Nc6 4. Bc4 Nf6 5. e5 d5 6. Bb5 Ne4 7. Nxd4 Bd7 8.
Bxc6 bxc6 9. O-O Be7 10. f3 Nc5 11. f4 Ne4 12. Nc3 Nxc3 13. bxc3 c5 14. Ne2 Bb5
15. Rf2 O-O 16. Ng3 Qd7 17. f5 Rfe8 18. Qg4 Bf8 19. Bh6 Kh8 20. Nh5 f6 21. e6
Qe7 22. Bf4 Rab8 23. Qg3 Rb7 24. Rd2 Bc4 25. a4 c6 26. Kh1 Rb2 27. a5 a6 28.
Kg1 Qb7 29. h3 Rb1+ 30. Rxb1 Qxb1+ 31. Kh2 Qb2 32. e7 Rxe7 33. Bd6 Qb7 34. Bxe7
Qxe7 35. Rf2 Kg8 36. h4 Qf7 37. Nf4 Bd6 38. Qe3 Kh8 39. g3 Qg8 40. Rf3 Qd8 41.
Qe6 Qf8 42. Qd7 Bxf4 43. gxf4 d4 44. Qxc6 Bb5 45. Qc7 Kg8 46. cxd4 cxd4 47. Rg3
Kh8 48. Kg1 Qg8 49. Kf2 h5 50. Qb7 Kh7 51. Qa7 Ba4 52. Qc7 Kh8 53. Ke2 Qe8+ 54.
Kd3 Bd7 55. Kxd4 Qe1 56. Qxd7 Qxg3 57. Qe8+ Kh7 58. Qxh5+ Kg8 59. Qe8+ Kh7 60.
Qg6+ Qxg6 61. fxg6+ Kxg6 62. Kd5 Kf7 63. h5 Ke7 64. c4 Kd7 65. c5 Kd8 66. Kd6
Ke8 67. c6 Kf7 68. c7 g6 69. h6 g5 70. f5 g4 71. c8=Q g3 72. Kd7 g2 73. Qe8#
1-0

[Event "ICS rated blitz match"]
[Site "204.178.125.65"]
[Date "2000.04.15"]
[Round "?"]
[White "Hossa"]
[Black "PostModernist"]
[Result "1/2-1/2"]
[WhiteElo "2460"]
[BlackElo "2554"]
[PlyCount "272"]

1. e4 c6 2. d4 d5 3. Nc3 dxe4 4. Nxe4 Nd7 5. Ng5 Nb6 6. Bd3 g6 7. N1f3 Bg7 8.
O-O Nh6 9. c3 O-O 10. Ne4 Nf5 11. Ne5 Bxe5 12. dxe5 Qd5 13. Bf4 Nc4 14. Bxc4
Qxe4 15. Qa4 Be6 16. Bb3 Qxa4 17. Bxa4 Rad8 18. Rfd1 f6 19. Bc2 g5 20. Bxf5
Bxf5 21. Be3 b6 22. a4 Bc2 23. Rxd8 Rxd8 24. a5 bxa5 25. h4 Rd5 26. exf6 exf6
27. hxg5 fxg5 28. b4 a4 29. Bxa7 Rd1+ 30. Rxd1 Bxd1 31. Bd4 Bb3 32. Be3 a3 33.
Bc1 a2 34. Bb2 Kf7 35. Kf1 g4 36. Ke2 Bd5 37. g3 Ke6 38. Kd3 Bf3 39. Kc4 Be4
40. Kc5 h6 41. c4 Kd7 42. b5 cxb5 43. cxb5 Bg6 44. Bf6 Kc7 45. Be5+ Kb7 46. Bc3
Be4 47. Ba1 Bf3 48. Bd4 Bg2 49. Bb2 Ka7 50. Bc3 Bh1 51. Bf6 Be4 52. Bd4 Bf3 53.
Be5 Bb7 54. Bh8 Ba8 55. Bg7 Kb7 56. Be5 Kc8 57. Bf6 Kd7 58. Bc3 Bf3 59. Ba1 Bg2
60. Be5 Bh1 61. b6 Kc8 62. Kb5 Kb7 63. Bc3 Bc6+ 64. Ka5 Bd5 65. Bd4 Bf7 66. Be5
Bc4 67. Ba1 Kc6 68. Bf6 Bd3 69. Bd4 Kd6 70. Bh8 Kd7 71. Bc3 Kc8 72. Kb4 Bf5 73.
Kc5 Kb7 74. Bg7 Ka6 75. Ba1 Bg6 76. Bd4 Bf7 77. Kc6 Bg6 78. Kc7 Be4 79. Kc8 Bf3
80. Kc7 Bb7 81. Bh8 Be4 82. Ba1 Bd5 83. Kd6 Bf3 84. Kc7 Be4 85. Bd4 Bf3 86. Ba1
h5 87. Bf6 Be4 88. Be5 Bb7 89. Bc3 Bg2 90. Bg7 Ba8 91. Bc3 Bb7 92. Bb2 Bd5 93.
Kd6 Bh1 94. Kc5 Kb7 95. Kb5 Bg2 96. Be5 Bf3 97. Bc3 Bc6+ 98. Kc5 Bd7 99. Be5
Bf5 100. Bg7 Bh7 101. Ba1 Bd3 102. Bd4 Bg6 103. Ba1 Bf5 104. Be5 Bc2 105. Kb5
Bg6 106. Bh8 Be8+ 107. Kc5 Bf7 108. Ba1 Bg6 109. Kb5 Be8+ 110. Ka5 Bd7 111. Bf6
Be6 112. Bc3 Bb3 113. Kb5 Bf7 114. Bf6 Bg8 115. Be5 Bh7 116. Bh8 Bd3+ 117. Kc5
Be4 118. Kb5 Bh7 119. Ka5 Bd3 120. Be5 Kc6 121. Bd4 Bc4 122. Bg7 Bf1 123. Bb2
Kb7 124. Ba1 Bc4 125. Be5 Be2 126. Bf6 Bf3 127. Kb5 Bd5 128. Kc5 Be4 129. Kb5
Bd3+ 130. Ka5 Bc2 131. Be5 Be4 132. Kb5 Bd5 133. Kc5 Be6 134. Bb2 Bb3 135. Bf6
Bc2 136. Bc3 Be4 1/2-1/2

[Event "ICS rated standard match"]
[Site "204.178.125.65"]
[Date "2000.04.15"]
[Round "?"]
[White "PostModernist"]
[Black "Hossa"]
[Result "1-0"]
[WhiteElo "2360"]
[BlackElo "2287"]
[PlyCount "93"]

1. e4 e5 2. d4 exd4 3. Bc4 Nc6 4. Nf3 Nf6 5. O-O Bc5 6. c3 dxc3 7. e5 cxb2 8.
Bxb2 Ng4 9. Bxf7+ Kxf7 10. Qd5+ Kg6 11. Qxc5 d6 12. exd6 cxd6 13. Qd5 Re8 14.
h3 Nge5 15. Qe4+ Kf7 16. Nxe5+ Nxe5 17. Qxh7 Re6 18. f4 Qb6+ 19. Kh1 Rf6 20.
Qc2 Rf5 21. Nd2 Qc6 22. Qb3+ Be6 23. Qg3 Ng6 24. Nf3 Qd7 25. Rae1 Rd8 26. Nd4
Re8 27. Nxf5 Bxf5 28. Qc3 Rg8 29. Rf3 d5 30. Qd4 b6 31. Rg3 a5 32. Rg5 Be6 33.
f5 Bxf5 34. g4 Be6 35. Qf2+ Ke7 36. Rxg6 Kd8 37. Qxb6+ Qc7 38. Qxe6 Rf8 39.
Rxg7 Qxg7 40. Bxg7 Rf4 41. Qxd5+ Kc8 42. Rc1+ Kb8 43. Be5+ Ka7 44. Qxa5+ Kb7
45. Rc7+ Kb8 46. Qb6+ Ka8 47. Rc8# 1-0

[Event "ICS rated standard match"]
[Site "204.178.125.65"]
[Date "2000.04.15"]
[Round "?"]
[White "Tinker"]
[Black "Hossa"]
[Result "1-0"]
[WhiteElo "2282"]
[BlackElo "2274"]
[PlyCount "151"]
[EventDate "2000.??.??"]

1. e4 e5 2. Nc3 Nf6 3. Nf3 Nc6 4. Bc4 Bb4 5. Ng5 O-O 6. O-O d6 7. Ne2 h6 8.
Nxf7 Rxf7 9. Bxf7+ Kxf7 10. c3 Ba5 11. d4 Kg8 12. dxe5 Nxe5 13. Bf4 Ng6 14.
Qb3+ Kh8 15. Be3 c6 16. Bd4 Nxe4 17. Qf7 Ne5 18. Qf4 Nf6 19. Bxe5 dxe5 20. Qxe5
Bc7 21. Qd4 Bf5 22. Rfe1 Ne4 23. Qxd8+ Rxd8 24. Nd4 Nd6 25. Nxf5 Nxf5 26. g4
Nh4 27. Re7 Rc8 28. Rd1 Ng6 29. Re4 Ne5 30. h3 Rf8 31. Kg2 g5 32. Rd2 Kg8 33.
Kf1 Rf4 34. Rde2 Rxe4 35. Rxe4 c5 36. Ke2 Nc6 37. Re6 Kh7 38. f3 Kg7 39. Ke3
Bf4+ 40. Ke4 c4 41. Kd5 Na5 42. Re7+ Kf8 43. Rh7 Bc1 44. b3 cxb3 45. axb3 Kg8
46. Rd7 Nxb3 47. Rxb7 Nd2 48. c4 Kf8 49. c5 Ke8 50. Ke6 Kd8 51. Rd7+ Kc8 52.
Rd3 a5 53. Rc3 Bb2 54. Rc2 Nb3 55. Rxb2 Nxc5+ 56. Kf5 Kc7 57. Kg6 Kc6 58. Kxh6
Ne6 59. h4 gxh4 60. g5 a4 61. g6 h3 62. g7 Nxg7 63. Kxg7 Kc5 64. f4 Kd5 65. f5
Ke5 66. f6 a3 67. Re2+ Kd4 68. f7 a2 69. Rxa2 Ke5 70. Ra5+ Ke4 71. f8=Q Kd4 72.
Qc5+ Ke4 73. Qc4+ Kf3 74. Ra3+ Kg2 75. Qc2+ Kf1 76. Ra1# 1-0

[Event "ICS rated standard match"]
[Site "204.178.125.65"]
[Date "2000.04.15"]
[Round "?"]
[White "Hossa"]
[Black "Tinker"]
[Result "1-0"]
[WhiteElo "2258"]
[BlackElo "2298"]
[PlyCount "155"]

1. e4 e5 2. Nf3 Nc6 3. Nc3 d6 4. Bb5 Bg4 5. d3 Nge7 6. Be3 a6 7. Ba4 h6 8. h3
Bd7 9. Nd5 Nxd5 10. exd5 Ne7 11. Bxd7+ Qxd7 12. c4 O-O-O 13. d4 Nf5 14. dxe5
dxe5 15. Nxe5 Bb4+ 16. Kf1 Nxe3+ 17. fxe3 Qf5+ 18. Nf3 Qg6 19. Kf2 Bd6 20. g4
h5 21. Qb1 Qxb1 22. Raxb1 Rde8 23. Rhg1 h4 24. Nd4 Re4 25. Nf5 Bf8 26. Rbc1 g6
27. Nd4 Bc5 28. Rgd1 Rhe8 29. Rc3 Bb4 30. Rb3 Bd6 31. Ke2 Bc5 32. Kf3 R8e5 33.
Rc3 Bb4 34. Rcd3 Bc5 35. R1d2 Bb4 36. Rc2 Bc5 37. Rcc3 Bb4 38. Rb3 Bc5 39. Rd2
Re7 40. Kf2 R7e5 41. Rbd3 Re7 42. Re2 f5 43. gxf5 gxf5 44. b3 f4 45. Nf5 fxe3+
46. Kf3 Re8 47. d6 cxd6 48. Rxd6 R4e5 49. Rf6 Rg8 50. Nxh4 Rg1 51. Nf5 Rf1+ 52.
Kg4 Rf2 53. Rxf2 exf2 54. Ng3 Re1 55. h4 Rg1 56. Kh3 Bb6 57. Kh2 Bd4 58. Rf5 b6
59. h5 Bc5 60. Rf6 Bd4 61. Rf5 Kc7 62. h6 Be5 63. Rxe5 Rxg3 64. Re7+ Kc6 65.
Rf7 Rg6 66. h7 f1=Q 67. Rxf1 Rh6+ 68. Kg3 Rxh7 69. Rf8 Rd7 70. b4 Rd4 71. Rf4
Rxf4 72. Kxf4 a5 73. a3 Kd6 74. bxa5 bxa5 75. Ke4 Kc5 76. Kd3 Kc6 77. Kd4 Kc7
78. Kd5 1-0

[Event "ICS rated standard match"]
[Site "204.178.125.65"]
[Date "2000.04.15"]
[Round "?"]
[White "DrVigilante"]
[Black "Hossa"]
[Result "1-0"]
[WhiteElo "2518"]
[BlackElo "2276"]
[PlyCount "159"]
[EventDate "2000.??.??"]

1. e4 d5 2. exd5 Qxd5 3. Nc3 Qa5 4. d4 Nf6 5. Nf3 c6 6. Bc4 Bf5 7. Ne5 e6 8. g4
Bg6 9. h4 Nbd7 10. Nxd7 Nxd7 11. h5 Be4 12. Rh3 Bd5 13. Bd3 Qb4 14. Be2 O-O-O
15. a3 Qe7 16. b3 e5 17. Nxd5 cxd5 18. Bb2 f6 19. Re3 Qf7 20. dxe5 fxe5 21.
Bxe5 Nxe5 22. Rxe5 Qc7 23. Re3 Bc5 24. Rf3 Rhf8 25. b4 Rxf3 26. Bxf3 Bb6 27.
Kf1 Qf4 28. Qd3 Rf8 29. Kg2 Qe5 30. Rf1 Bc7 31. Rh1 Bb6 32. c3 Kb8 33. a4 Rd8
34. Rd1 Bc7 35. Bxd5 g6 36. hxg6 hxg6 37. Qxg6 Qh2+ 38. Kf1 Rf8 39. Qc2 Bg3 40.
Rd2 Qh3+ 41. Bg2 Qxg4 42. Qd3 Qg7 43. Qd7 Qf7 44. Bxb7 Qxd7 45. Rxd7 Rxf2+ 46.
Kg1 Ra2 47. a5 Rb2 48. Ba6 Rc2 49. Rf7 Bd6 50. c4 Rd2 51. c5 Bc7 52. Kf1 Rd4
53. Ke2 Rf4 54. Rh7 Rd4 55. Ke3 Rd8 56. Ke4 Rd2 57. Rf7 Rd8 58. Re7 Rd1 59. Rg7
Rd8 60. Rf7 Rd1 61. Kf5 Rd4 62. Ke6 Rf4 63. Rh7 Rd4 64. Rg7 Rd2 65. Bc4 Kc8 66.
b5 Bxa5 67. Rxa7 Bc7 68. b6 Bxb6 69. cxb6 Rh2 70. Kd6 Rh6+ 71. Kc5 Rf6 72. Ra8+
Kd7 73. b7 Rc6+ 74. Kb5 Rxc4 75. Kxc4 Ke6 76. b8=Q Kf6 77. Qf8+ Kg6 78. Ra5 Kh7
79. Qf7+ Kh8 80. Ra8# 1-0

[Event "ICS rated blitz match"]
[Site "204.178.125.65"]
[Date "2000.04.15"]
[Round "?"]
[White "GAMBIT123"]
[Black "Hossa"]
[Result "0-1"]
[WhiteElo "2246"]
[BlackElo "2464"]
[PlyCount "152"]

1. e4 e5 2. Nf3 Nc6 3. Bc4 Nf6 4. d3 Be7 5. O-O O-O 6. a3 d6 7. h3 Be6 8. Nc3
Bxc4 9. dxc4 a6 10. Re1 Qc8 11. Nd5 Nd7 12. Be3 f5 13. Bg5 Bxg5 14. Nxg5 Nc5
15. exf5 Rxf5 16. Ne4 Nxe4 17. Rxe4 Rf7 18. c3 Qf5 19. f3 Raf8 20. Qd2 b6 21.
Rd1 a5 22. Qe2 Qd7 23. Qd2 Kh8 24. Qe2 Qc8 25. Qd2 Qf5 26. Qe2 g6 27. Qd2 Kg7
28. Qe2 Kg8 29. Qd2 Qc8 30. Qe2 Qd7 31. Qd2 Rf5 32. Qe2 Qg7 33. Qd2 Na7 34. Qe2
Qf7 35. Qd2 Kh8 36. Qe2 Nc6 37. Qd2 Rh5 38. Qe2 Kg8 39. Qd2 Nd8 40. Qe2 Ne6 41.
b4 axb4 42. axb4 Rf5 43. Ne3 Rf4 44. Nd5 Rxe4 45. Qxe4 Rb8 46. Qe2 Ra8 47. Qb2
Rf8 48. Qe2 Ng7 49. Qe4 Nf5 50. Qe2 Ra8 51. Qb2 Ng3 52. Ra1 Rc8 53. Re1 Rf8 54.
Qf2 Nf5 55. Qd2 Kh8 56. Qf2 h6 57. Qd2 Kg8 58. Qf2 Qd7 59. Qd2 Qd8 60. Qf2 Rf7
61. Qd2 c6 62. Ne3 Qg5 63. Re2 Nxe3 64. Qxe3 Qxe3+ 65. Rxe3 Re7 66. Rd3 Rd7 67.
Kf2 Kf7 68. Ke3 Ke6 69. Ke4 Rf7 70. Ke3 Rf4 71. c5 bxc5 72. bxc5 d5 73. g3 Rc4
74. f4 e4 75. Rd2 Rxc3+ 76. Kf2 e3+ 0-1

[Event "ICS rated blitz match"]
[Site "204.178.125.65"]
[Date "2000.04.15"]
[Round "?"]
[White "Hossa"]
[Black "lupica"]
[Result "1/2-1/2"]
[WhiteElo "2471"]
[BlackElo "2124"]
[PlyCount "95"]

1. e4 c5 2. Nf3 d6 3. d4 cxd4 4. Nxd4 Nf6 5. Nc3 a6 6. Bg5 Nc6 7. Qd2 Bd7 8.
Nf3 Rc8 9. Be2 b5 10. O-O h6 11. Bxf6 gxf6 12. a4 b4 13. Nd5 a5 14. Ba6 Rb8 15.
Bb5 e6 16. Ne3 h5 17. Nc4 Qc7 18. Rfd1 Ne5 19. Nfxe5 fxe5 20. Bxd7+ Qxd7 21.
Nxd6+ Qxd6 22. Qxd6 Bxd6 23. Rxd6 Ke7 24. Ra6 Rhc8 25. Rxa5 Rxc2 26. Rxe5 Rd8
27. Rxh5 Rdd2 28. b3 Rxf2 29. Rg5 Rfe2 30. Rf1 Rxe4 31. Rg7 Ree2 32. Rfxf7+ Kd6
33. Rd7+ Ke5 34. Rd1 Rb2 35. Rg3 Ke4 36. Kh1 e5 37. h4 Red2 38. Rxd2 Rxd2 39.
Rg4+ Kd3 40. Rxb4 e4 41. Kh2 e3 42. Rb6 e2 43. Rd6+ Ke3 44. Re6+ Kf2 45. Rf6+
Ke3 46. Re6+ Kf2 47. Rf6+ Ke3 48. Re6+ 1/2-1/2

[Event "ICS rated blitz match"]
[Site "204.178.125.65"]
[Date "2000.04.15"]
[Round "?"]
[White "lupica"]
[Black "Hossa"]
[Result "0-1"]
[WhiteElo "2135"]
[BlackElo "2459"]
[PlyCount "68"]

1. c4 e5 2. Nc3 Nf6 3. Nf3 Nc6 4. e4 Bb4 5. d3 d6 6. Bd2 Bg4 7. Be2 Bxf3 8.
Bxf3 Nd4 9. O-O c6 10. a3 Bc5 11. b4 Nxf3+ 12. Qxf3 Bd4 13. Rab1 O-O 14. Ne2
Nd7 15. Qg3 Bb6 16. Kh1 f5 17. exf5 Rxf5 18. Nc3 Qf8 19. f3 Rf7 20. a4 a5 21.
b5 Bd4 22. bxc6 bxc6 23. Ne4 Qe7 24. Rb7 Ra7 25. Rfb1 d5 26. cxd5 cxd5 27. Rxa7
Bxa7 28. Nc3 Nc5 29. Nxd5 Qe6 30. Ne3 Qa2 31. Rd1 Nxd3 32. h4 Qxa4 33. Bc3 e4
34. f4 Bxe3 0-1

[Event "ICS rated blitz match"]
[Site "204.178.125.65"]
[Date "2000.04.15"]
[Round "?"]
[White "Hossa"]
[Black "lupica"]
[Result "1-0"]
[WhiteElo "2463"]
[BlackElo "2131"]
[PlyCount "65"]

1. e4 c5 2. Nf3 d6 3. d4 cxd4 4. Nxd4 Nf6 5. Nc3 a6 6. Bg5 Bd7 7. Be2 Nc6 8.
O-O Nxd4 9. Qxd4 Qa5 10. Nd5 Nxd5 11. exd5 Rc8 12. c3 Qc5 13. Qd2 e5 14. Rfe1
f6 15. Bh5+ Ke7 16. Be3 Qc7 17. f4 g6 18. Bf3 Bg7 19. Qf2 Rcf8 20. Bb6 Qc8 21.
Rf1 Bb5 22. Be2 Bxe2 23. Qxe2 h5 24. Rae1 Qg4 25. Rf3 Bh6 26. h3 Qd7 27. c4 Kf7
28. fxe5 dxe5 29. Qxe5 Bg7 30. d6 Kg8 31. Qd5+ Kh7 32. Re7 Qc6 33. Rxb7 1-0

[Event "ICS rated standard match"]
[Site "204.178.125.65"]
[Date "2000.04.15"]
[Round "?"]
[White "Caterpie"]
[Black "Hossa"]
[Result "0-1"]
[WhiteElo "2008"]
[BlackElo "2270"]
[PlyCount "70"]

1. d4 d5 2. c4 c6 3. Nf3 Nf6 4. Nc3 e6 5. e3 Nbd7 6. a3 Be7 7. b4 dxc4 8. Bxc4
O-O 9. Bb2 b5 10. Bd3 Nb6 11. O-O Bb7 12. Qc2 a5 13. Ne4 Nbd5 14. Nxf6+ Nxf6
15. Bc3 axb4 16. axb4 Qc7 17. Ng5 g6 18. Ne4 Nd5 19. Qb3 Ra4 20. Rxa4 bxa4 21.
Qa3 Ra8 22. Ra1 f5 23. Nc5 Bd6 24. Nxe6 Bxh2+ 25. Kh1 Qe7 26. Kxh2 Qxe6 27. Bd2
Kf7 28. Bc2 Nb6 29. Qc3 Kg8 30. Bd3 Ba6 31. Bxa6 Rxa6 32. Kg1 Nc4 33. Bc1 Qd5
34. Ra2 Nxe3 35. Re2 Qxg2# 0-1

[Event "ICS rated standard match"]
[Site "204.178.125.65"]
[Date "2000.04.15"]
[Round "?"]
[White "Hossa"]
[Black "GPiccolo"]
[Result "1-0"]
[WhiteElo "2276"]
[BlackElo "2356"]
[PlyCount "59"]

1. e4 e5 2. Nf3 Nc6 3. Nc3 Nf6 4. Nxe5 Nxe5 5. d4 Nc6 6. d5 Ne5 7. f4 Ng6 8. e5
Ng8 9. d6 cxd6 10. exd6 Qh4+ 11. g3 Qf6 12. Nb5 Rb8 13. Be3 b6 14. Bd4 Qe6+ 15.
Be2 Kd8 16. Qd3 Bb7 17. f5 Qe4 18. Rf1 Nh4 19. gxh4 Nf6 20. O-O-O Qxh4 21. Qc4
Qh6+ 22. Kb1 Ne8 23. Be5 Rc8 24. Qd4 Rb8 25. Nxa7 Bg2 26. Rg1 Ba8 27. Bf4 Qh3
28. Qc4 Bc6 29. Nxc6+ dxc6 30. Qxf7 1-0

[Event "ICS rated standard match"]
[Site "204.178.125.65"]
[Date "2000.04.15"]
[Round "?"]
[White "GPiccolo"]
[Black "Hossa"]
[Result "1-0"]
[WhiteElo "2336"]
[BlackElo "2296"]
[PlyCount "119"]
[EventDate "2000.??.??"]

1. d4 Nf6 2. c4 d6 3. Nc3 Nbd7 4. Nf3 e5 5. Bg5 exd4 6. Nxd4 h6 7. Bh4 g5 8.
Bg3 Nc5 9. b4 Nce4 10. Nxe4 Nxe4 11. Qc2 Nxg3 12. hxg3 c5 13. Nb5 a6 14. Qb2
Rg8 15. Nc3 Bg7 16. Rd1 cxb4 17. Qxb4 a5 18. Qa3 Bf8 19. c5 Rg6 20. Nb5 a4 21.
Qc3 Qa5 22. Qxa5 Rxa5 23. Nxd6+ Bxd6 24. cxd6 Ra6 25. e3 Raxd6 26. Rb1 Rb6 27.
Bb5+ Bd7 28. Bxd7+ Kxd7 29. Ke2 a3 30. Rhd1+ Kc7 31. Rxb6 Rxb6 32. g4 Rb2+ 33.
Rd2 b5 34. Kd3 Rb1 35. Kc2 Rg1 36. g3 Kc6 37. Kb3 Rc1 38. Kxa3 Rc4 39. Rd8 Rxg4
40. Rf8 Ra4+ 41. Kb3 Ra7 42. Rh8 Rd7 43. Rxh6+ Rd6 44. Rxd6+ Kxd6 45. Kb4 Kc6
46. g4 Kb6 47. f4 Kc6 48. fxg5 Kd7 49. Kxb5 Kc7 50. a4 Kd7 51. a5 Ke6 52. a6
Kd5 53. a7 Ke4 54. a8=Q+ Kd3 55. Qf3 f5 56. gxf5 Kd2 57. Kc4 Ke1 58. Qg2 Kd1
59. Kd3 Kc1 60. Qc2# 1-0

[Event "ICS rated blitz match"]
[Site "204.178.125.65"]
[Date "2000.04.15"]
[Round "?"]
[White "Hossa"]
[Black "PostModernist"]
[Result "0-1"]
[WhiteElo "2467"]
[BlackElo "2568"]
[PlyCount "128"]
[EventDate "2000.??.??"]

1. e4 c5 2. Nf3 d6 3. d4 Nf6 4. Nc3 cxd4 5. Nxd4 Nc6 6. Bg5 Qb6 7. Bxf6 gxf6 8.
Bb5 e6 9. Na4 Qa5+ 10. c3 Bd7 11. O-O Qc7 12. Re1 Ne5 13. f4 a6 14. Bxd7+ Nxd7
15. c4 Qxc4 16. Rc1 Qxa2 17. Re3 d5 18. b3 Rg8 19. Rc2 Qa3 20. exd5 e5 21. g3
b5 22. Nc3 Bc5 23. Kh1 Bxd4 24. Qxd4 Qxb3 25. Rce2 Kf8 26. fxe5 fxe5 27. Qh4
Rg7 28. Qh3 Rd8 29. Qh6 f6 30. Rf2 Kg8 31. Rd2 Qc4 32. Qh3 Nc5 33. Qf5 b4 34.
Nd1 Rxd5 35. Rxd5 Qxd5+ 36. Qf3 Qxf3+ 37. Rxf3 Kf7 38. Ne3 Ke6 39. Kg2 b3 40.
Rf1 b2 41. Rb1 Nd3 42. Kf3 Rc7 43. Nf1 Rc1 44. Nd2 Rxb1 45. Nxb1 Kd5 46. Ke3
Kc4 47. g4 Nb4 48. Kd2 Kb3 49. Nc3 Nc2 50. g5 fxg5 51. Nb1 Na3 52. Nc3 Nc4+ 53.
Kd3 e4+ 54. Kd4 e3 55. h4 gxh4 56. Ne4 b1=Q 57. Nc5+ Kc2 58. Kxc4 Qb5+ 59. Kd4
e2 60. Nd3 Qxd3+ 61. Kc5 e1=Q 62. Kb6 Qb4+ 63. Kc7 Qdd6+ 64. Kc8 Qbb8# 0-1

[Event "ICS rated standard match"]
[Site "204.178.125.65"]
[Date "2000.04.15"]
[Round "?"]
[White "Caterpie"]
[Black "Hossa"]
[Result "0-1"]
[WhiteElo "1985"]
[BlackElo "2282"]
[PlyCount "48"]

1. d4 Nf6 2. c4 Nc6 3. Nf3 e6 4. Nc3 d5 5. e3 dxc4 6. Bxc4 Bb4 7. O-O O-O 8.
Bd2 b6 9. Rc1 Bb7 10. Qa4 a6 11. Bd3 Bxc3 12. Rxc3 b5 13. Qc2 Nb4 14. Qb1 Nxd3
15. Qxd3 Bxf3 16. gxf3 Nd5 17. Rc5 Qg5+ 18. Kh1 f5 19. Rg1 Qh4 20. e4 fxe4 21.
fxe4 Rxf2 22. Rg2 Rxg2 23. Kxg2 Qg4+ 24. Kh1 Qd1+ 0-1

[Event "ICS rated blitz match"]
[Site "204.178.125.65"]
[Date "2000.04.15"]
[Round "?"]
[White "PostModernist"]
[Black "Hossa"]
[Result "1-0"]
[WhiteElo "2582"]
[BlackElo "2456"]
[PlyCount "69"]
[EventDate "2000.??.??"]

1. e4 e5 2. d4 exd4 3. Bc4 Nc6 4. Nf3 Nf6 5. O-O Bc5 6. e5 Ng4 7. c3 dxc3 8.
Bxf7+ Kxf7 9. Qd5+ Ke8 10. Qxc5 cxb2 11. Bxb2 d6 12. exd6 cxd6 13. Qh5+ Kf8 14.
Re1 g6 15. Qb5 a6 16. Qc4 Nf6 17. Qf4 Kg7 18. Rd1 Rf8 19. Rxd6 Qe7 20. Nbd2 Bf5
21. Re1 Qc7 22. Nh4 Ne7 23. Be5 Kg8 24. Rxf6 Qd7 25. Rd6 Qe8 26. Qh6 Rf7 27.
Nxf5 Rc8 28. Nxe7+ Rxe7 29. Ne4 Qf8 30. Rxg6+ hxg6 31. Qxg6+ Qg7 32. Bxg7 Rxg7
33. Nf6+ Kf8 34. Re8+ Rxe8 35. Qxe8# 1-0

[Event "ICS rated blitz match"]
[Site "204.178.125.65"]
[Date "2000.04.15"]
[Round "?"]
[White "PostModernist"]
[Black "Hossa"]
[Result "1-0"]
[WhiteElo "2592"]
[BlackElo "2442"]
[PlyCount "119"]
[EventDate "2000.??.??"]

1. d4 d5 2. Nf3 Nf6 3. e3 e6 4. Bd3 c5 5. c3 Be7 6. Nbd2 Nc6 7. O-O O-O 8. Qe2
Bd6 9. b3 e5 10. dxe5 Nxe5 11. Nxe5 Bxe5 12. Bb2 Re8 13. Nf3 Bg4 14. Bb5 Re6
15. Qc2 Bxf3 16. gxf3 Bxh2+ 17. Kxh2 Ng4+ 18. Kg3 Nxe3 19. fxe3 Qg5+ 20. Kf2
Qxe3+ 21. Kg2 Rg6+ 22. Qxg6 fxg6 23. Rae1 Qd2+ 24. Re2 Qg5+ 25. Kf2 Qf6 26. Bd7
Qh4+ 27. Kg2 Qg5+ 28. Bg4 Kh8 29. Rfe1 h5 30. Bc1 Qd8 31. Be6 Kh7 32. Re5 d4
33. Rxc5 dxc3 34. Ree5 Qd6 35. Bf7 Rc8 36. Rxh5+ gxh5 37. Rxh5+ Qh6 38. Bxh6
gxh6 39. Rh1 Rc5 40. b4 Re5 41. Rc1 Rg5+ 42. Kf2 Kg7 43. Bc4 b5 44. Bd3 a5 45.
bxa5 b4 46. Rg1 Kf6 47. Rxg5 hxg5 48. a6 b3 49. axb3 Ke5 50. a7 Kd4 51. a8=Q
Kc5 52. b4+ Kxb4 53. Qc6 c2 54. Qb5+ Kc3 55. Qc4+ Kb2 56. Qxc2+ Ka3 57. Qc3+
Ka4 58. Bc4 g4 59. Qb3+ Ka5 60. Qb5# 1-0

[Event "ICS rated blitz match"]
[Site "204.178.125.65"]
[Date "2000.04.15"]
[Round "?"]
[White "Hossa"]
[Black "PostModernist"]
[Result "0-1"]
[WhiteElo "2433"]
[BlackElo "2601"]
[PlyCount "112"]

1. e4 c6 2. d4 d5 3. Nc3 dxe4 4. Nxe4 Bf5 5. Ng3 Bg6 6. h4 h6 7. Nf3 Nd7 8. h5
Bh7 9. Bd3 Bxd3 10. Qxd3 Ngf6 11. Bd2 Qc7 12. O-O-O O-O-O 13. c4 e6 14. Be3 Qa5
15. Kb1 Bd6 16. Ne2 Kb8 17. Bd2 Qa6 18. Rde1 Nb6 19. Rc1 Rhe8 20. Qb3 e5 21.
dxe5 Bxe5 22. Be3 Ng4 23. Nxe5 Nxe5 24. Bf4 Kc8 25. Bxe5 Rxe5 26. Ng3 Rd4 27.
Qf3 f6 28. Rhd1 Rxc4 29. Nf5 Rxc1+ 30. Rxc1 Qe2 31. Nxg7 Qxf3 32. gxf3 Rg5 33.
Ne8 Nd5 34. Nd6+ Kc7 35. Nb5+ Kb6 36. Nd6 Rxh5 37. Rg1 Rh3 38. Rg7 Rxf3 39.
Rxb7+ Kc5 40. Nf7 h5 41. Rxa7 Rxf2 42. a4 h4 43. Ra8 h3 44. Ka2 h2 45. Rh8 Nb4+
46. Ka3 Rf3+ 47. b3 Rf2 48. Rh5+ f5 49. Rxf5+ Rxf5 50. Nd8 h1=Q 51. Ne6+ Kd6
52. Kb2 Qh8+ 53. Ng7 Qxg7+ 54. Kc1 Qc3+ 55. Kd1 Rf1+ 56. Ke2 Qe1# 0-1

[Event "ICS rated blitz match"]
[Site "204.178.125.65"]
[Date "2000.04.15"]
[Round "?"]
[White "PostModernist"]
[Black "Hossa"]
[Result "1/2-1/2"]
[WhiteElo "2610"]
[BlackElo "2424"]
[PlyCount "95"]

1. d4 d5 2. Nf3 Nf6 3. e3 e6 4. Bd3 c5 5. b3 Nc6 6. O-O Bd7 7. Ba3 b6 8. Nc3 a6
9. dxc5 Bxc5 10. Bxc5 bxc5 11. Na4 e5 12. Be2 e4 13. Nd2 Qa5 14. g4 h6 15. Nb1
Ne5 16. Nbc3 Rd8 17. h3 O-O 18. Qe1 Qc7 19. Rd1 Be6 20. Nb2 Bxg4 21. Bxg4 Nexg4
22. hxg4 Nxg4 23. f4 exf3 24. Rd2 f2+ 25. Rdxf2 Nxf2 26. Qxf2 Qe5 27. Nbd1 Rd6
28. Qh2 Rg6+ 29. Kh1 Qe6 30. Rf4 Rd8 31. Ne2 Re8 32. Ng3 Qe5 33. Rf3 Rf6 34.
Rxf6 Qxf6 35. Qg2 d4 36. e4 Qh4+ 37. Kg1 Qg5 38. Nf2 Qc1+ 39. Kh2 g6 40. Nd3
Qa3 41. Nh5 Re6 42. Ndf4 Re5 43. Nf6+ Kg7 44. N6h5+ Kh7 45. Nf6+ Kg7 46. N6h5+
Kh7 47. Nf6+ Kg7 48. N6h5+ 1/2-1/2